Kants Teleologie

Saved in:  
Bibliographic Details
Main Author: Brockdorff, Cay von 1874-1946 (Author)
Format: Print Book
Language:German
Subito Delivery Service: Order now.
Check availability: HBZ Gateway
WorldCat: WorldCat
Interlibrary Loan:Interlibrary Loan for the Fachinformationsdienste (Specialized Information Services in Germany)
Published: Kiel Gnevkow & v. Gellhorn 1898
In:Year: 1898
Further subjects:B Thesis

MARC

LEADER 00000cam a22000002c 4500
001 1140604384
003 DE-627
005 20240502195445.0
007 tu
008 981126s1898 xx ||||| m 00| ||ger c
035 |a (DE-627)1140604384 
035 |a (DE-576)07060438X 
035 |a (DE-599)BSZ07060438X 
035 |a (OCoLC)250890911 
040 |a DE-627  |b ger  |c DE-627  |e rakwb 
041 |a ger 
084 |a 0  |2 ssgn 
100 1 |0 (DE-588)116526823  |0 (DE-627)133771334  |0 (DE-576)290616034  |4 aut  |a Brockdorff, Cay von  |d 1874-1946 
109 |a Brockdorff, Cay von 1874-1946  |a Brockdorff, Cay v. 1874-1946  |a Brockdorff, Cay 1874-1946  |a Brockdorff, Cay Ludwig Georg Conrad von 1874-1946  |a Brockdorff, Cay Ludwig Georg Konrad von 1874-1946 
245 1 0 |a Kants Teleologie  |c Baron Cay von Brockdorff 
264 1 |a Kiel  |b Gnevkow & v. Gellhorn  |c 1898 
300 |a 60 S. 
336 |a Text  |b txt  |2 rdacontent 
337 |a ohne Hilfsmittel zu benutzen  |b n  |2 rdamedia 
338 |a Band  |b nc  |2 rdacarrier 
502 |a Zugl.: Kiel, Univ., Diss. 
583 1 |a Archivierung prüfen  |c 20200919  |f DE-640  |z 2  |2 pdager 
583 1 |a Archivierung/Langzeitarchivierung gewährleistet  |f SSG  |x XA-DE-BW  |2 pdager  |5 DE-21 
601 |a Teleologie 
655 7 |a Hochschulschrift  |0 (DE-588)4113937-9  |0 (DE-627)105825778  |0 (DE-576)209480580  |2 gnd-content 
751 |a Kiel  |0 (DE-588)4030481-4  |0 (DE-627)106269801  |0 (DE-576)208987711  |4 uvp 
951 |a BO 
ELC |b 1 
ITA |a 1  |t 1 
LOK |0 000 xxxxxcx a22 zn 4500 
LOK |0 001 2759971732 
LOK |0 003 DE-627 
LOK |0 004 1140604384 
LOK |0 005 20130710181642 
LOK |0 008 130710||||||||||||||||ger||||||| 
LOK |0 040   |a DE-21  |c DE-627  |d DE-21 
LOK |0 852   |a DE-21 
LOK |0 852 1  |c Ac 741  |9 00 
LOK |0 935   |a dika  |a theo 
LOK |0 939   |a 10-07-13  |b l01 
ORI |a SA-MARC-ixtheoa001.raw 
REL |a 1 
SUB |a REL